LEADER 02031nam0 2200457 i 450 001 MOD1559918 005 20251003044241.0 010 $a9788804588986 020 $aIT$b2009-9407 100 $a20130827d2009 ||||0itac50 ba 101 | $aita 102 $ait 181 1$6z01$ai $bxxxe 182 1$6z01$an 183 1$6z01$anc$2RDAcarrier 200 1 $aˆL'‰Italia fatta in casa$eindagine sulla vera ricchezza degli italiani$fAlberto Alesina, Andrea Ichino 210 $aMilano$cMondadori$d2009 215 $a154 p.$d21 cm 225 | $aStrade blu$i. Non fiction 300 $a indice | http://www.loc.gov/catdir/toc/casalini08/09772693.pdf. 410 0$1001RMS1639868$12001 $aStrade blu$i. Non fiction 606 $aLavoro$xAspetti socio-culturali$2FIR$3CFIC021810$9I 606 $aFamiglia e società$2FIR$3CFIC060021$9I 606 $aLavoro$xAspetti socio-culturali$xItalia$2FIR$3CFIC113853$9I 606 $aLavoro$x2000-2009$2FIR$3LO1C982956$9I 676 $a306.30945$9ISTITUZIONI ECONOMICHE. Italia$v21 676 $a306.360945$9SISTEMI DI LAVORO. ITALIA$v19 676 $a306.360945$9SISTEMI DI LAVORO. ITALIA$v20 676 $a306.360945$9SISTEMI DI LAVORO. Italia$v21 676 $a306.850945$9FAMIGLIA. Italia$v21 676 $a331$9ECONOMIA DEL LAVORO$v12 700 1$aAlesina$b, Alberto$3MILV013346$0120423 701 1$aIchino$b, Andrea$3CFIV032429$0121973 801 3$aIT$bIT-000000$c20130827 850 $aIT-BN0095 901 $bNAP 01$cPOZZO LIB.$nVi sono collocati fondi di economia, periodici di ingegneria e scienze, periodici di economia e statistica e altri fondi comprendenti documenti di economia pervenuti in dono. 912 $aMOD1559918 950 0$aBiblioteca Centralizzata di Ateneo$c1 v.$d 01POZZO LIB.ECON MON 4962$e 01C 0800238115E VMA 1 v. (Precedente collocazione: EC C 23 811)$fB $h20120919$i20120919 977 $a 01 996 $aItalia fatta in casa$965584 997 $aUNISANNIO